<?xml version="1.0" encoding="UTF-8"?>
<collection xmlns="http://www.loc.gov/MARC21/slim">
<record>
  <controlfield tag="001">205965</controlfield>
  <controlfield tag="005">20230214173555.0</controlfield>
  <datafield tag="024" ind1="7" ind2=" ">
    <subfield code="a">G:(EU-Grant)755151</subfield>
    <subfield code="d">755151</subfield>
    <subfield code="2">CORDIS</subfield>
  </datafield>
  <datafield tag="024" ind1="7" ind2=" ">
    <subfield code="a">G:(EU-Call)NFRP-2016-2017-1</subfield>
    <subfield code="d">NFRP-2016-2017-1</subfield>
    <subfield code="2">CORDIS</subfield>
  </datafield>
  <datafield tag="024" ind1="7" ind2=" ">
    <subfield code="a">corda__h2020::755151</subfield>
    <subfield code="2">originalID</subfield>
  </datafield>
  <datafield tag="035" ind1=" " ind2=" ">
    <subfield code="a">G:(EU-Grant)755151</subfield>
  </datafield>
  <datafield tag="150" ind1=" " ind2=" ">
    <subfield code="a">Mitigating Environmentally Assissted Cracking Through Optimisation of Surface Condition</subfield>
    <subfield code="y">2017-09-01 - 2022-02-28</subfield>
  </datafield>
  <datafield tag="371" ind1=" " ind2=" ">
    <subfield code="a">CENTRO DE INVESTIGACIONES ENERGETICAS, MEDIOAMBIENTALES Y TECNOLOGICAS-CIEMAT</subfield>
    <subfield code="b">CIEMAT</subfield>
    <subfield code="d">Spain</subfield>
    <subfield code="e">http://www.ciemat.es</subfield>
    <subfield code="v">CORDIS</subfield>
  </datafield>
  <datafield tag="371" ind1=" " ind2=" ">
    <subfield code="a">INNOVACION  DESARROLLO Y TRANSFERE</subfield>
    <subfield code="b">CIA DE TECNOLOGIA SA</subfield>
    <subfield code="d">Spain</subfield>
    <subfield code="e">http://www.idetra.com</subfield>
    <subfield code="v">CORDIS</subfield>
  </datafield>
  <datafield tag="371" ind1=" " ind2=" ">
    <subfield code="a">AREVA GMBH</subfield>
    <subfield code="b">AREVA-G</subfield>
    <subfield code="d">Germany</subfield>
    <subfield code="e">http://www.areva.com</subfield>
    <subfield code="v">CORDIS</subfield>
  </datafield>
  <datafield tag="371" ind1=" " ind2=" ">
    <subfield code="a">Slovak University of Technology in Bratislava</subfield>
    <subfield code="b">STU</subfield>
    <subfield code="d">Slovakia</subfield>
    <subfield code="e">http://www.stuba.sk/english.html?page_id=132</subfield>
    <subfield code="v">CORDIS</subfield>
  </datafield>
  <datafield tag="371" ind1=" " ind2=" ">
    <subfield code="a">Equipos Nucleares (Spain)</subfield>
    <subfield code="b">Equipos Nucleares (Spain)</subfield>
    <subfield code="d">Spain</subfield>
    <subfield code="v">CORDIS</subfield>
  </datafield>
  <datafield tag="371" ind1=" " ind2=" ">
    <subfield code="a">University of Sheffield</subfield>
    <subfield code="b">University of Sheffield</subfield>
    <subfield code="d">United Kingdom</subfield>
    <subfield code="e">http://www.sheffield.ac.uk/</subfield>
    <subfield code="v">CORDIS</subfield>
  </datafield>
  <datafield tag="371" ind1=" " ind2=" ">
    <subfield code="a">TEKNOLOGIAN TUTKIMUSKESKUS VTT</subfield>
    <subfield code="b">VTT</subfield>
    <subfield code="d">Finland</subfield>
    <subfield code="e">http://www.vtt.fi</subfield>
    <subfield code="v">CORDIS</subfield>
  </datafield>
  <datafield tag="371" ind1=" " ind2=" ">
    <subfield code="a">University of Manchester</subfield>
    <subfield code="b">University of Manchester</subfield>
    <subfield code="d">United Kingdom</subfield>
    <subfield code="e">http://www.manchester.ac.uk/</subfield>
    <subfield code="v">CORDIS</subfield>
  </datafield>
  <datafield tag="371" ind1=" " ind2=" ">
    <subfield code="a">REGIA AUTONOMA TEHNOLOGII PENTRU ENERGIA NUCLEARA - RATEN</subfield>
    <subfield code="b">RATEN</subfield>
    <subfield code="d">Romania</subfield>
    <subfield code="e">http://www.raten.ro</subfield>
    <subfield code="v">CORDIS</subfield>
  </datafield>
  <datafield tag="371" ind1=" " ind2=" ">
    <subfield code="a">Belgian Nuclear Research Centre</subfield>
    <subfield code="b">SCK</subfield>
    <subfield code="d">Belgium</subfield>
    <subfield code="e">https://www.sckcen.be/en</subfield>
    <subfield code="v">CORDIS</subfield>
  </datafield>
  <datafield tag="371" ind1=" " ind2=" ">
    <subfield code="a">ZAVOD ZA GRADBENISTVO SLOVENIJE</subfield>
    <subfield code="b">ZAG Ljubljana</subfield>
    <subfield code="d">Slovenia</subfield>
    <subfield code="e">http://www.zag.si</subfield>
    <subfield code="v">CORDIS</subfield>
  </datafield>
  <datafield tag="371" ind1=" " ind2=" ">
    <subfield code="a">WOOD NUCLEAR LIMITED</subfield>
    <subfield code="b">WOOD NUCLEAR LIMITED</subfield>
    <subfield code="d">United Kingdom</subfield>
    <subfield code="v">CORDIS</subfield>
  </datafield>
  <datafield tag="371" ind1=" " ind2=" ">
    <subfield code="a">FRAMATOME GMBH</subfield>
    <subfield code="d">Germany</subfield>
    <subfield code="e">http://www.de.areva.com</subfield>
    <subfield code="v">CORDIS</subfield>
  </datafield>
  <datafield tag="371" ind1=" " ind2=" ">
    <subfield code="a">CENTRUM VYZKUMU REZ SRO</subfield>
    <subfield code="b">CVR</subfield>
    <subfield code="d">Czech Republic</subfield>
    <subfield code="v">CORDIS</subfield>
  </datafield>
  <datafield tag="371" ind1=" " ind2=" ">
    <subfield code="a">Paul Scherrer Institute</subfield>
    <subfield code="b">PSI</subfield>
    <subfield code="d">Switzerland</subfield>
    <subfield code="e">http://www.psi.ch/</subfield>
    <subfield code="v">CORDIS</subfield>
  </datafield>
  <datafield tag="371" ind1=" " ind2=" ">
    <subfield code="a">Electricité de France (France)</subfield>
    <subfield code="b">EDF</subfield>
    <subfield code="d">France</subfield>
    <subfield code="e">https://www.edf.fr/en/home</subfield>
    <subfield code="v">CORDIS</subfield>
  </datafield>
  <datafield tag="371" ind1=" " ind2=" ">
    <subfield code="a">JRC -JOINT RESEARCH CENTRE- EUROPEAN COMMISSION</subfield>
    <subfield code="b">JRC</subfield>
    <subfield code="d">Belgium</subfield>
    <subfield code="e">https://ec.europa.eu/jrc</subfield>
    <subfield code="v">CORDIS</subfield>
  </datafield>
  <datafield tag="372" ind1=" " ind2=" ">
    <subfield code="a">NFRP-2016-2017-1</subfield>
    <subfield code="s">2017-09-01</subfield>
    <subfield code="t">2022-02-28</subfield>
  </datafield>
  <datafield tag="450" ind1=" " ind2=" ">
    <subfield code="a">MEACTOS</subfield>
    <subfield code="w">d</subfield>
    <subfield code="y">2017-09-01 - 2022-02-28</subfield>
  </datafield>
  <datafield tag="510" ind1="1" ind2=" ">
    <subfield code="0">I:(DE-588b)5098525-5</subfield>
    <subfield code="a">European Union</subfield>
    <subfield code="2">CORDIS</subfield>
  </datafield>
  <datafield tag="680" ind1=" " ind2=" ">
    <subfield code="a">Environmentally-Assisted cracking (EAC) is one of the major failure modes occurring in light water reactors (LWRs). The condition of surfaces exposed to the primary coolant plays a main role on the susceptibility of components to EAC. However, many national and international guidelines and standards do not address surface condition of critical components in nuclear power plants (NPP)
The goal of the MEACTOS project is to improve the safety and reliability of Generation II and III of  NPP by improving the resistance of critical locations, including welds, to EAC through the application of optimized surface machining and improved surface treatments.
MEACTOS is proposed by a consortium of 16 partners from 11 EU member countries (Spain, France, Finland, Czech Republic, Belgium, Germany, Slovakia, Romania, UK, The Netherlands and Slovenia) plus Switzerland (associated country of Euratom), that comprises all the appropriate key players to ensure the availability of technologies, capabilities, technical and operational knowledge required for the goal of the project. Research laboratories (VTT, SCK-CEN, CVR, CIEMAT, PSI, JRC, RATEN), universities (UNIMAN, USFD, STUBA) nuclear components suppliers (The NAMRC of the University of Sheffield, ENSA, SA.),utilities (EdF), engineering companies (ZAG, AMEC) and plant designers (AREVA-NP) has been selected in order to complete the required capacities to cover all the expertise fields faced by the project. The Consortium members have differential but complementary skills and expertise in areas such as project management, manufacturing, technology transfer or dissemination, to name a few key areas.

Pro-active material degradation programs outside Europe, particularly in Japan and in the United States, currently address, or plan to address, surface condition with respect to EAC.  This European MEACTOS project will directly benefit Europe, engaging on an equal footing with these initiatives, maintaining a level of competitiveness for European industry in the global scenario.</subfield>
  </datafield>
  <datafield tag="909" ind1="C" ind2="O">
    <subfield code="o">oai:juser.fz-juelich.de:835576</subfield>
    <subfield code="p">authority:GRANT</subfield>
    <subfield code="p">authority</subfield>
  </datafield>
  <datafield tag="970" ind1=" " ind2=" ">
    <subfield code="a">oai:dnet:corda__h2020::3842bb4cd3d496c85e42d4e2028e8221</subfield>
  </datafield>
  <datafield tag="980" ind1=" " ind2=" ">
    <subfield code="a">G</subfield>
  </datafield>
  <datafield tag="980" ind1=" " ind2=" ">
    <subfield code="a">CORDIS</subfield>
  </datafield>
  <datafield tag="980" ind1=" " ind2=" ">
    <subfield code="a">AUTHORITY</subfield>
  </datafield>
  <datafield tag="909" ind1="C" ind2="O">
    <subfield code="o">oai:juser.fz-juelich.de:835576</subfield>
  </datafield>
</record>
</collection>